「長」を「なが」と読まない駅 - Statistics

General Stats
  • This quiz has been taken 10 times
  • The average score is 8 of 17
Answer Stats
府県 駅名 読み % Correct
兵庫県 おさ
100%
山口県 長府 ちょうふ
70%
神奈川県 長後 ちょうご
60%
茨城県 長者ヶ浜潮騒はまなす公園前 ちょうじゃがはましおさいはまなすこうえんまえ
60%
福岡県 長者原 ちょうじゃばる
60%
神奈川県 長谷 はせ
60%
兵庫県 長谷 はせ
60%
北海道 長都 おさつ
50%
北海道 長万部 おしゃまんべ
50%
奈良県 長谷寺 はせでら
50%
岡山県 長船 おさふね
40%
千葉県 長者町 ちょうじゃまち
40%
山口県 長門峡 ちょうもんきょう
40%
神奈川県 伊勢佐木長者町 いせざきちょうじゃまち
30%
広島県 長楽寺 ちょうらくじ
20%
熊本県 長陽 ちょうよう
10%
三重県 長太ノ浦 なごのうら
10%
No matching quizzes found
Score Distribution
Percent of People with Each Score
Percentile by Number Answered
Your Score History
You have not taken this quiz